[Event "Satka Autumn op (Women)"]
[Site "Satka"]
[Date "2022.08.31"]
[Round "2"]
[White "Kulkova, Dina"]
[Black "Nechaeva, Marina"]
[Result "0-1"]
[WhiteElo "1591"]
[BlackElo "2363"]
[PlyCount "74"]
[EventDate "2022.08.30"]
[EventType "swiss"]
[EventRounds "9"]
[EventCountry "RUS"]
[SourceTitle "CBM 210 Extra"]
[Source "ChessBase"]
[SourceDate "2022.11.30"]
[SourceVersion "1"]
[SourceVersionDate "2022.11.30"]
[SourceQuality "1"]

1. c4 c6 2. g3 d5 3. Bg2 Nf6 4. Nf3 dxc4 5. Na3 Be6 6. Ng5 Bd5 7. e4 h6 8. exd5 hxg5 9. dxc6 Nxc6 10. Nxc4 e6 11. 0-0 Be7 12. d4 Nd5 13. Ne3 Qd7 14. Nxd5 exd5 15. a3 0-0-0 16. b4 Kb8 17. Be3 f5 18. Qd2 f4 19. gxf4 Bd6 20. f3 Qc7 21. Rfc1 gxf4 22. Bf2 Qf7 23. b5 Ne7 24. b6 a6 25. Rc3 Nf5 26. Re1 Qh5 27. h3 Qg5 28. Kf1 Rh6 29. Qc2 Rg6 30. Bh1 Ne3+ 31. Bxe3 fxe3 32. Ke2 Bf4 33. Rc1 Rxb6 34. a4 Qg3 35. Rc8+ Rxc8 36. Qxc8+ Ka7 37. Rf1 Qh2+ 0-1

[Event "Satka Autumn op (Women)"]
[Site "Satka"]
[Date "2021.09.07"]
[Round "8"]
[White "Kulkova, Dina"]
[Black "Loskutova, Viktoriya"]
[Result "0-1"]
[WhiteElo "1526"]
[BlackElo "2166"]
[PlyCount "108"]
[EventDate "2021.08.31"]
[EventType "swiss"]
[EventRounds "9"]
[EventCountry "RUS"]
[SourceTitle "CBM 204 Extra"]
[Source "ChessBase"]
[SourceDate "2021.11.30"]
[SourceVersion "1"]
[SourceVersionDate "2021.11.30"]
[SourceQuality "1"]

1. c4 e5 2. g3 d6 3. Bg2 f5 4. Nc3 Nf6 5. e4 Nc6 6. d3 Be7 7. Nge2 0-0 8. Qb3 Rb8 9. 0-0 Qe8 10. Nd5 Qh5 11. f3 Bd8 12. Be3 a6 13. Rac1 Kh8 14. c5 Nxd5 15. Qxd5 dxc5 16. Bxc5 Re8 17. exf5 Qxf5 18. Qe4 Qh5 19. g4 Qf7 20. b3 Bg5 21. Rc2 Be6 22. Nc3 Rbd8 23. Rd1 Nd4 24. Rf2 b6 25. Ba3 Bd7 26. Qd5 Qg6 27. Bc1 Bh4 28. Rff1 Bxg4 29. Qe4 Qxe4 30. dxe4 Be6 31. f4 Bf6 32. Nd5 Bxd5 33. exd5 Ne2+ 34. Kh1 Nc3 35. Rd3 e4 36. Re3 Bd4 37. Ree1 e3 38. Bb2 Nb5 39. Bxd4 Nxd4 40. Rc1 Re7 41. Rc4 Nf5 42. Re1 Kg8 43. Kg1 Nh4 44. Bh1 Rde8 45. Kf1 Ng6 46. Ke2 Rf8 47. Rf1 Rf5 48. Bg2 Rh5 49. h3 Nh4 50. Bh1 Nf5 51. Kf3 Rxh3+ 52. Kg4 e2 53. Re1 Rxh1 54. Rxh1 Ne3+ 0-1

[Event "Wch FIDE Online U14 Girls Europe qual"]
[Site "Tornelo INT"]
[Date "2020.12.07"]
[Round "1"]
[White "Kulkova, Dina"]
[Black "Kiousi, Panagiota"]
[Result "0-1"]
[WhiteElo "1557"]
[BlackElo "1539"]
[PlyCount "142"]
[EventDate "2020.12.07"]
[EventType "swiss (rapid)"]
[EventRounds "7"]
[EventCountry "ISS"]
[SourceTitle "EXT 2022"]
[Source "ChessBase"]
[SourceDate "2021.10.06"]
[SourceVersion "1"]
[SourceVersionDate "2021.10.06"]
[SourceQuality "1"]

1. c4 e5 2. g3 Nf6 3. Bg2 d5 4. cxd5 Nxd5 5. Nc3 Nb6 6. Nf3 Nc6 7. d3 Be7 8. 0-0 0-0 9. a3 Re8 10. Qc2 Bf8 11. e3 a5 12. b3 Be6 13. Rd1 f5 14. Rb1 Qf6 15. Nb5 Qe7 16. Bb2 Bf7 17. Nh4 g6 18. Bc1 a4 19. bxa4 Nxa4 20. Bxc6 bxc6 21. Qxc6 Rec8 22. Bd2 Qd8 23. Bb4 Bd5 24. Qc2 Bxb4 25. axb4 Nb6 26. Nc3 Bb7 27. Qb3+ Kg7 28. Ra1 Nd5 29. Qb2 Nxc3 30. Qxc3 Qd5 31. e4 fxe4 32. dxe4 Qxe4 33. f3 Qe2 34. Re1 Rxa1 35. Qxa1 Qc4 36. Qxe5+ Kg8 37. Qe6+ Qxe6 38. Rxe6 g5 39. Nf5 Bxf3 40. Ne7+ Kf7 41. Re3 Ra8 42. Rxf3+ Kxe7 43. Rf5 h6 44. Rc5 Kd6 45. Rc2 Rb8 46. Rb2 Kd5 47. Rc2 Kd6 48. Rc4 c6 49. Kg2 Kd5 50. Rc5+ Kd6 51. Rf5 Rxb4 52. Rf6+ Kd5 53. Rxh6 g4 54. Rh8 Rb2+ 55. Kg1 c5 56. Rg8 Rb4 57. Rd8+ Kc4 58. Rf8 Kb3 59. Kf2 c4 60. Ke2 c3 61. Rc8 Kb2 62. Kd1 Rd4+ 63. Ke2 c2 64. Rb8+ Kc3 65. Rc8+ Rc4 66. Rxc4+ Kxc4 67. Kd2 Kb3 68. Kc1 Kc3 69. h4 gxh3 70. g4 h2 71. g5 h1Q# 0-1

[Event "Wch FIDE Online U14 Girls Europe qual"]
[Site "Tornelo INT"]
[Date "2020.12.07"]
[Round "2"]
[White "Lobo Pereira, Arami"]
[Black "Kulkova, Dina"]
[Result "0-1"]
[WhiteElo "1568"]
[BlackElo "1557"]
[PlyCount "74"]
[EventDate "2020.12.07"]
[EventType "swiss (rapid)"]
[EventRounds "7"]
[EventCountry "ISS"]
[SourceTitle "EXT 2022"]
[Source "ChessBase"]
[SourceDate "2021.10.06"]
[SourceVersion "1"]
[SourceVersionDate "2021.10.06"]
[SourceQuality "1"]

1. d4 Nf6 2. c4 e6 3. Nc3 Bb4 4. e3 0-0 5. Bd2 c5 6. a3 Bxc3 7. Bxc3 cxd4 8. exd4 d5 9. Nf3 Nc6 10. cxd5 Qxd5 11. Bd3 b6 12. 0-0 Rd8 13. b3 Bb7 14. Bc4 Qd6 15. Qe2 Rac8 16. Rfe1 Nd5 17. Bb2 Na5 18. Bxd5 Bxd5 19. Nd2 Rc2 20. Rab1 Bxb3 21. Qd3 Qd5 22. Re3 Ba4 23. Rh3 g6 24. Ne4 Kg7 25. Bc1 Qa2 26. Bh6+ Kh8 27. Re1 Bc6 28. Bg5 Bxe4 29. Qxe4 Rdc8 30. Qh4 h5 31. Bf6+ Kg8 32. Qg5 Rxf2 33. Rh4 Rcc2 34. h3 Rxg2+ 35. Kh1 Rxg5 36. Bxg5 Rh2+ 37. Kg1 Qg2# 0-1

[Event "Satka Autumn op (Women)"]
[Site "Satka"]
[Date "2019.09.25"]
[Round "7"]
[White "Lebedeva, Ulyana"]
[Black "Kulkova, Dina"]
[Result "1/2-1/2"]
[WhiteElo "1660"]
[BlackElo "1424"]
[PlyCount "90"]
[EventDate "2019.09.19"]
[EventType "swiss"]
[EventRounds "9"]
[EventCountry "RUS"]
[SourceTitle "EXT 2020"]
[Source "ChessBase"]
[SourceDate "2019.10.17"]
[SourceVersion "1"]
[SourceVersionDate "2019.10.17"]
[SourceQuality "1"]

1. d4 Nf6 2. Nf3 e6 3. e3 d5 4. b3 c5 5. Bb2 Nc6 6. Bd3 Be7 7. a3 Bd7 8. Nbd2 0-0 9. 0-0 Qc7 10. Ne5 Rac8 11. f4 a6 12. c4 dxc4 13. Ndxc4 b5 14. Nxc6 Bxc6 15. Ne5 Bb7 16. Qe2 Bd5 17. Qd1 Qb7 18. Rf2 c4 19. Bc2 c3 20. Bc1 a5 21. Rb1 Ne4 22. Re2 Kh8 23. Qd3 f5 24. Qd1 g5 25. Re1 g4 26. Qe2 Kg7 27. Bd3 Rb8 28. a4 b4 29. Bc4 h5 30. Bxd5 Qxd5 31. Qc4 Rbc8 32. Qxd5 exd5 33. Re2 Rc7 34. Rc2 Rfc8 35. Kf1 h4 36. Kg1 Bd6 37. Nd3 Rh8 38. Ra1 Kf6 39. Raa2 Rhc8 40. Kf1 Ke6 41. Kg1 Nf6 42. Kf1 Nd7 43. Ke1 Nb6 44. Ke2 Rb8 45. Ke1 Rbb7 1/2-1/2